| 000 | 00850nas a2200277 4500 | ||
|---|---|---|---|
| 001 | BR9204799 | ||
| 003 | BR-BrBNA | ||
| 005 | 20231205092758.0 | ||
| 007 | ta | ||
| 008 | 230509b bl.|||p| |||| 00| 00por d | ||
| 040 |
_aBR-BrBNA _bpor _cBiblioteca Nacional de Agricultura |
||
| 041 | _a(Pt) | ||
| 072 | _aF06 | ||
| 100 | 1 | _aReis, G.G. dos | |
| 100 | 1 | _aReis, M. das G.F. | |
| 100 | 1 | _aMaestri, M. | |
| 245 | 1 | _aCrescimento e relacoes hidricas de mudas de Eucalyptus grandis e Eucalyptus camaldulensis em tubetes sob tres regimes de irrigacao | |
| 650 | _aMUDA | ||
| 650 | _aEUCALIPTO | ||
| 650 | _aIRRIGACAO | ||
| 650 | _aACLIMATACAO | ||
| 650 | _aCRESCIMENTO | ||
| 773 | 0 |
_tRevista Arvore (Brazil) _xISSN 0100-6762 _g(Jul-Dec 1988), v. 12(2) p. 183-195 _wBR9204799 |
|
| 909 |
_a202311 _bLúcia _c55 _dLúcia Elande |
||
| 942 |
_2AGRIS _n0 _cANA |
||
| 999 |
_c134125 _d134125 |
||